[Event "Team Championship Russia (Blitz, Women)"]
[Site "Sochi"]
[Date "2018.10.10"]
[Round "1.10"]
[White "Sirotkina, Elizaveta"]
[Black "Dordzhieva, Dinara"]
[Result "0-1"]
[BlackElo "2225"]
[WhiteElo "1195"]
[LiveChessVersion "1.4.8"]

1. e4 {[%clk 0:03:03]} c5 {[%clk 0:03:04]} 2. Nf3 {[%clk 0:03:04]} d6
{[%clk 0:03:05]} 3. d4 {[%clk 0:03:04]} cxd4 {[%clk 0:03:06]} 4. Nxd4
{[%clk 0:03:05]} Nf6 {[%clk 0:03:08]} 5. Nc3 {[%clk 0:03:06]} a6 {[%clk 0:03:09]}
6. f3 {[%clk 0:03:02]} e6 {[%clk 0:03:09]} 7. Be3 {[%clk 0:03:01]} b5
{[%clk 0:03:10]} 8. Qd2 {[%clk 0:03:00]} b4 {[%clk 0:03:11]} 9. Nce2
{[%clk 0:02:57]} e5 {[%clk 0:03:12]} 10. Nb3 Nc6 11. g4 {[%clk 0:02:39]} h6
{[%clk 0:03:13]} 12. h4 {[%clk 0:02:27]} Be6 {[%clk 0:03:13]} 13. Nbc1
{[%clk 0:01:24]} d5 {[%clk 0:03:08]} 14. exd5 {[%clk 0:00:54]} Nxd5
{[%clk 0:03:08]} 15. Nd3 {[%clk 0:00:52]} Be7 {[%clk 0:03:04]} 16. O-O-O
{[%clk 0:00:50]} Nxe3 {[%clk 0:02:59]} 17. Qxe3 {[%clk 0:00:48]} Qc7
{[%clk 0:03:00]} 18. Kb1 {[%clk 0:00:39]} Rc8 {[%clk 0:03:02]} 19. Qd2
{[%clk 0:00:19]} O-O {[%clk 0:02:59]} 20. f4 {[%clk 0:00:19]} e4 {[%clk 0:03:00]}
21. Ne5 {[%clk 0:00:15]} Nxe5 {[%clk 0:02:59]} 22. fxe5 {[%clk 0:00:16]} Qxe5
{[%clk 0:03:00]} 23. g5 {[%clk 0:00:16]} hxg5 {[%clk 0:02:41]} 24. hxg5
{[%clk 0:00:14]} Bxg5 {[%clk 0:02:42]} 25. Qe1 {[%clk 0:00:10]} Bf6
{[%clk 0:02:40]} 26. Nd4 {[%clk 0:00:07]} Bg4 {[%clk 0:02:33]} 27. Rd2
{[%clk 0:00:05]} Rfd8 {[%clk 0:02:29]} 28. Bg2 {[%clk 0:00:04]} Rxd4
{[%clk 0:02:25]} 29. Rxd4 {[%clk 0:00:05]} Qxd4 {[%clk 0:02:26]} 30. Qc1
{[%clk 0:00:05]} e3 {[%clk 0:02:22]} 31. Bb7 {[%clk 0:00:04]} Rc7
{[%clk 0:02:23]} 32. Bg2 {[%clk 0:00:05]} Bf5 {[%clk 0:02:24]} 33. Bf1
{[%clk 0:00:04]} Rxc2 {[%clk 0:02:21]} 34. Ka1 {[%clk 0:00:04]} Rxc1#
{[%clk 0:02:20]} 0-1

[Event "Team Championship Russia (Blitz, Women)"]
[Site "Sochi"]
[Date "2018.10.10"]
[Round "1.11"]
[White "Shuvalova, Polina"]
[Black "Khusneeva, Alina"]
[Result "1-0"]
[BlackElo "1066"]
[WhiteElo "2246"]
[LiveChessVersion "1.4.8"]

1. e4 {[%clk 0:03:02]} c5 {[%clk 0:03:02]} 2. Nf3 {[%clk 0:03:02]} e6
{[%clk 0:03:02]} 3. c3 {[%clk 0:03:00]} d6 {[%clk 0:03:00]} 4. d4
{[%clk 0:03:00]} cxd4 {[%clk 0:02:59]} 5. cxd4 {[%clk 0:03:01]} Nf6
{[%clk 0:02:57]} 6. Nc3 {[%clk 0:03:02]} Be7 {[%clk 0:02:57]} 7. Be2
{[%clk 0:03:02]} Nc6 {[%clk 0:02:57]} 8. O-O {[%clk 0:03:02]} O-O
{[%clk 0:02:56]} 9. h3 {[%clk 0:03:03]} a6 {[%clk 0:02:56]} 10. a4
{[%clk 0:02:59]} Qc7 {[%clk 0:02:55]} 11. Re1 {[%clk 0:02:59]} Rd8
{[%clk 0:02:41]} 12. Be3 {[%clk 0:02:59]} b6 {[%clk 0:02:25]} 13. Qb1
{[%clk 0:02:58]} Bb7 {[%clk 0:02:20]} 14. b4 {[%clk 0:02:57]} Bf8
{[%clk 0:01:57]} 15. Rc1 {[%clk 0:02:58]} Qd7 {[%clk 0:01:48]} 16. Bd3
{[%clk 0:02:54]} h6 {[%clk 0:01:44]} 17. Qb2 {[%clk 0:02:53]} Rac8
{[%clk 0:01:38]} 18. d5 {[%clk 0:02:50]} exd5 {[%clk 0:01:36]} 19. Bxb6
{[%clk 0:02:43]} Re8 {[%clk 0:01:34]} 20. exd5 {[%clk 0:02:40]} Ne5
{[%clk 0:01:31]} 21. Nxe5 {[%clk 0:02:33]} dxe5 {[%clk 0:01:30]} 22. Rd1
{[%clk 0:02:31]} Kh8 {[%clk 0:01:28]} 23. a5 {[%clk 0:02:27]} Kg8
{[%clk 0:00:43]} 24. Rac1 {[%clk 0:02:25]} Nh5 {[%clk 0:00:35]} 25. Bf1
{[%clk 0:02:18]} Nf4 {[%clk 0:00:24]} 26. Ne4 {[%clk 0:02:00]} Ng6
{[%clk 0:00:18]} 27. Nc5 {[%clk 0:01:57]} Qe7 {[%clk 0:00:18]} 28. d6
{[%clk 0:01:56]} Qf6 {[%clk 0:00:15]} 29. Nxb7 {[%clk 0:01:56]} Rb8
{[%clk 0:00:12]} 30. d7 {[%clk 0:01:55]} Red8 {[%clk 0:00:11]} 31. Nxd8
{[%clk 0:01:54]} Rxd8 {[%clk 0:00:11]} 32. Bxd8 {[%clk 0:01:54]} Qxd8
{[%clk 0:00:12]} 33. Rc8 {[%clk 0:01:54]} Qxd7 {[%clk 0:00:09]} 34. Rxd7
{[%clk 0:01:54]} Ne7 {[%clk 0:00:06]} 35. Qb3 {[%clk 0:01:54]} Kh7
{[%clk 0:00:04]} 36. Rxf8 {[%clk 0:01:53]} f6 {[%clk 0:00:04]} 37. Rxe7
{[%clk 0:01:51]} h5 {[%clk 0:00:05]} 38. Qf7 {[%clk 0:01:51]} 1-0

[Event "Team Championship Russia (Blitz, Women)"]
[Site "Sochi"]
[Date "2018.10.10"]
[Round "1.12"]
[White "Sarvarova, Alisa"]
[Black "Kovalevskaya, Ekaterina"]
[Result "0-1"]
[BlackElo "2284"]
[WhiteElo "1342"]
[LiveChessVersion "1.4.8"]

1. e4 {[%clk 0:03:02]} c5 {[%clk 0:03:03]} 2. Nf3 {[%clk 0:03:02]} Nc6
{[%clk 0:03:04]} 3. Bb5 {[%clk 0:02:58]} g6 {[%clk 0:03:05]} 4. O-O
{[%clk 0:02:57]} Bg7 {[%clk 0:03:06]} 5. Nc3 {[%clk 0:02:56]} e5 {[%clk 0:02:48]}
6. d3 {[%clk 0:02:53]} Nge7 {[%clk 0:02:46]} 7. Be3 {[%clk 0:02:51]} Nd4
{[%clk 0:02:44]} 8. Bc4 {[%clk 0:02:46]} O-O {[%clk 0:02:43]} 9. Re1
{[%clk 0:02:22]} d6 {[%clk 0:02:40]} 10. Bxd4 {[%clk 0:02:13]} cxd4
{[%clk 0:02:39]} 11. Nd5 {[%clk 0:02:12]} Be6 {[%clk 0:02:25]} 12. Qd2
{[%clk 0:01:37]} Bxd5 {[%clk 0:02:05]} 13. Bxd5 {[%clk 0:01:37]} Nxd5
{[%clk 0:01:54]} 14. exd5 {[%clk 0:01:37]} Rc8 {[%clk 0:01:50]} 15. c4
{[%clk 0:01:16]} dxc3 {[%clk 0:01:30]} 16. bxc3 {[%clk 0:01:16]} Qa5
{[%clk 0:00:46]} 17. c4 {[%clk 0:01:09]} Qxd2 {[%clk 0:00:37]} 18. Nxd2
{[%clk 0:01:09]} e4 {[%clk 0:00:37]} 19. Rab1 {[%clk 0:01:01]} exd3
{[%clk 0:00:36]} 20. Rxb7 {[%clk 0:00:59]} Bc3 {[%clk 0:00:27]} 21. Rd1
{[%clk 0:00:57]} Bxd2 {[%clk 0:00:15]} 22. Rxd2 {[%clk 0:00:59]} Rxc4
{[%clk 0:00:15]} 23. h3 {[%clk 0:00:59]} Rd4 {[%clk 0:00:16]} 24. Rxa7
{[%clk 0:00:56]} Re8 {[%clk 0:00:10]} 25. Ra3 {[%clk 0:00:52]} Re1+
{[%clk 0:00:11]} 26. Kh2 {[%clk 0:00:53]} Re2 {[%clk 0:00:11]} 27. Rdxd3
{[%clk 0:00:51]} Rxd3 {[%clk 0:00:11]} 28. Rxd3 {[%clk 0:00:52]} Rxa2
{[%clk 0:00:12]} 29. Kg3 {[%clk 0:00:51]} f6 {[%clk 0:00:13]} 30. Kf3
{[%clk 0:00:52]} Ra4 {[%clk 0:00:14]} 31. g3 {[%clk 0:00:50]} Kg7
{[%clk 0:00:15]} 32. Ke3 {[%clk 0:00:50]} g5 {[%clk 0:00:17]} 33. f3
{[%clk 0:00:51]} Kg6 {[%clk 0:00:18]} 34. Rd4 {[%clk 0:00:47]} Ra3+
{[%clk 0:00:19]} 35. Rd3 {[%clk 0:00:48]} Ra1 {[%clk 0:00:20]} 36. Kf2
{[%clk 0:00:47]} Kf5 {[%clk 0:00:21]} 37. Re3 {[%clk 0:00:44]} Rd1
{[%clk 0:00:22]} 38. Re7 {[%clk 0:00:38]} h5 {[%clk 0:00:22]} 39. Rh7
{[%clk 0:00:37]} Rxd5 {[%clk 0:00:23]} 40. Rxh5 {[%clk 0:00:37]} Ra5
{[%clk 0:00:23]} 41. Rh8 {[%clk 0:00:38]} d5 {[%clk 0:00:24]} 42. Re8
{[%clk 0:00:37]} Ra3 {[%clk 0:00:25]} 43. Re3 {[%clk 0:00:33]} Ra2+
{[%clk 0:00:25]} 44. Ke1 {[%clk 0:00:33]} Rg2 {[%clk 0:00:25]} 45. g4+
{[%clk 0:00:33]} Kf4 {[%clk 0:00:26]} 46. Rd3 {[%clk 0:00:32]} Rg3
{[%clk 0:00:28]} 47. Rxd5 {[%clk 0:00:31]} Rxf3 {[%clk 0:00:29]} 48. Rd6
{[%clk 0:00:28]} Kg3 {[%clk 0:00:30]} 49. Rd2 {[%clk 0:00:20]} Kxh3
{[%clk 0:00:31]} 50. Re2 {[%clk 0:00:12]} Kxg4 {[%clk 0:00:31]} 51. Re4+
{[%clk 0:00:03]} Rf4 {[%clk 0:00:32]} 52. Re3 {[%clk 0:00:03]} f5
{[%clk 0:00:33]} 53. Re2 {[%clk 0:00:05]} Re4 {[%clk 0:00:34]} 54. Rxe4+
{[%clk 0:00:04]} fxe4 {[%clk 0:00:35]} 55. Ke2 {[%clk 0:00:05]} Kf4
{[%clk 0:00:36]} 56. Kf2 {[%clk 0:00:07]} e3+ {[%clk 0:00:38]} 57. Ke2
{[%clk 0:00:08]} g4 {[%clk 0:00:39]} 58. Kf1 {[%clk 0:00:09]} Kf3
{[%clk 0:00:40]} 59. Ke1 {[%clk 0:00:11]} e2 {[%clk 0:00:42]} 60. Kd2
{[%clk 0:00:12]} Kf2 {[%clk 0:00:43]} 61. Kd3 {[%clk 0:00:13]} e1=Q
{[%clk 0:00:43]} 62. Kd4 {[%clk 0:00:14]} g3 {[%clk 0:00:44]} 63. Kc4
{[%clk 0:00:14]} g2 {[%clk 0:00:45]} 64. Kc5 {[%clk 0:00:14]} Qe2
{[%clk 0:00:46]} 65. Kd5 {[%clk 0:00:14]} g1=Q {[%clk 0:00:46]} 66. Kd4
{[%clk 0:00:14]} Qgd1+ {[%clk 0:00:47]} 67. Kc5 {[%clk 0:00:14]} Qec2+
{[%clk 0:00:48]} 68. Kb5 {[%clk 0:00:15]} Qdb1+ {[%clk 0:00:49]} 69. Ka5
{[%clk 0:00:15]} Qca2# {[%clk 0:00:50]} 0-1

[Event "Team Championship Russia (Blitz, Women)"]
[Site "Sochi"]
[Date "2018.10.10"]
[Round "2.1"]
[White "Pogonina, Natalija"]
[Black "Suslova, Alena"]
[Result "1-0"]
[BlackElo "2030"]
[WhiteElo "2328"]
[LiveChessVersion "1.4.8"]

1. d4 {[%clk 0:03:02]} g6 {[%clk 0:03:03]} 2. c4 {[%clk 0:03:02]} Bg7
{[%clk 0:03:04]} 3. Nc3 {[%clk 0:03:02]} Nf6 {[%clk 0:03:05]} 4. Nf3
{[%clk 0:03:02]} O-O {[%clk 0:03:05]} 5. e3 {[%clk 0:03:02]} d6 {[%clk 0:03:05]}
6. Be2 {[%clk 0:03:01]} Nc6 {[%clk 0:03:05]} 7. O-O {[%clk 0:03:00]} e5
{[%clk 0:03:04]} 8. h3 {[%clk 0:02:49]} Nd7 {[%clk 0:02:38]} 9. d5
{[%clk 0:02:43]} Ne7 {[%clk 0:02:39]} 10. e4 {[%clk 0:02:44]} a5 {[%clk 0:02:31]}
11. a3 {[%clk 0:02:43]} Nc5 {[%clk 0:02:26]} 12. Be3 {[%clk 0:02:37]} h6
{[%clk 0:02:18]} 13. b4 {[%clk 0:02:35]} axb4 {[%clk 0:02:04]} 14. axb4
{[%clk 0:02:36]} Rxa1 {[%clk 0:02:03]} 15. Qxa1 {[%clk 0:02:36]} Na6
{[%clk 0:01:45]} 16. Qa3 {[%clk 0:02:23]} f5 {[%clk 0:01:43]} 17. c5
{[%clk 0:02:15]} fxe4 {[%clk 0:01:37]} 18. Nd2 {[%clk 0:01:52]} dxc5
{[%clk 0:01:28]} 19. bxc5 {[%clk 0:01:53]} Kh7 {[%clk 0:01:19]} 20. Bc4
{[%clk 0:01:40]} Nf5 {[%clk 0:01:15]} 21. Ndxe4 {[%clk 0:01:39]} Nd4
{[%clk 0:01:10]} 22. Qb2 {[%clk 0:01:18]} Re8 {[%clk 0:00:50]} 23. d6
{[%clk 0:01:14]} cxd6 {[%clk 0:00:48]} 24. cxd6 {[%clk 0:01:14]} Qd7
{[%clk 0:00:36]} 25. Nd5 {[%clk 0:01:06]} Qd8 {[%clk 0:00:28]} 26. Nb6
{[%clk 0:00:58]} Nb8 {[%clk 0:00:23]} 27. Nxc8 {[%clk 0:00:43]} Qxc8
{[%clk 0:00:24]} 28. Bd5 {[%clk 0:00:41]} Nbc6 {[%clk 0:00:23]} 29. Rb1
{[%clk 0:00:38]} Qf5 {[%clk 0:00:10]} 30. Ng3 {[%clk 0:00:25]} Qd7
{[%clk 0:00:09]} 31. Ne4 {[%clk 0:00:23]} Qf5 {[%clk 0:00:10]} 32. Kh2
{[%clk 0:00:20]} Rb8 {[%clk 0:00:10]} 33. Qb6 {[%clk 0:00:19]} h5
{[%clk 0:00:05]} 34. Qc7 {[%clk 0:00:18]} h4 1-0

[Event "Team Championship Russia (Blitz, Women)"]
[Site "Sochi"]
[Date "2018.10.10"]
[Round "2.2"]
[White "Vinokur, Yuliya"]
[Black "Girya, Olga"]
[Result "0-1"]
[BlackElo "2389"]
[WhiteElo "2044"]
[LiveChessVersion "1.4.8"]

1. d4 {[%clk 0:03:02]} d5 {[%clk 0:03:03]} 2. c4 {[%clk 0:03:03]} c6
{[%clk 0:03:05]} 3. Nf3 {[%clk 0:03:04]} Nf6 {[%clk 0:03:06]} 4. Qc2
{[%clk 0:03:05]} dxc4 {[%clk 0:03:06]} 5. Qxc4 {[%clk 0:03:05]} Bg4
{[%clk 0:03:07]} 6. Nbd2 {[%clk 0:03:06]} e6 {[%clk 0:03:07]} 7. g3
{[%clk 0:03:06]} Nbd7 {[%clk 0:03:08]} 8. Bg2 {[%clk 0:03:07]} Be7
{[%clk 0:03:09]} 9. O-O {[%clk 0:03:07]} O-O {[%clk 0:03:09]} 10. Qb3
{[%clk 0:03:08]} Nb6 {[%clk 0:03:10]} 11. e3 {[%clk 0:03:09]} Nfd7
{[%clk 0:03:08]} 12. Nc4 {[%clk 0:03:06]} h6 {[%clk 0:02:56]} 13. Bd2
{[%clk 0:03:01]} Bf5 {[%clk 0:02:57]} 14. Ba5 {[%clk 0:02:50]} Be4
{[%clk 0:02:47]} 15. Rfd1 {[%clk 0:01:59]} Bd5 {[%clk 0:02:38]} 16. Nfd2
{[%clk 0:01:18]} Bxg2 {[%clk 0:02:13]} 17. Kxg2 {[%clk 0:01:18]} Qc7
{[%clk 0:02:14]} 18. Rac1 {[%clk 0:01:04]} Rfe8 {[%clk 0:01:51]} 19. Nf3
{[%clk 0:01:04]} Bf6 {[%clk 0:01:36]} 20. Kg1 {[%clk 0:00:49]} Qb8
{[%clk 0:01:31]} 21. Nxb6 {[%clk 0:00:22]} axb6 {[%clk 0:01:32]} 22. Bxb6
{[%clk 0:00:22]} Nxb6 {[%clk 0:01:32]} 23. Qxb6 {[%clk 0:00:23]} Rxa2
{[%clk 0:01:32]} 24. Ne5 {[%clk 0:00:16]} Ra6 {[%clk 0:01:08]} 25. Qb3
{[%clk 0:00:13]} Qc7 {[%clk 0:01:01]} 26. Nd3 {[%clk 0:00:10]} Rea8
{[%clk 0:00:56]} 27. Nc5 {[%clk 0:00:09]} Rb6 {[%clk 0:00:55]} 28. Qc3
{[%clk 0:00:08]} Rb5 {[%clk 0:00:52]} 29. Ra1 {[%clk 0:00:08]} Rd8
{[%clk 0:00:46]} 30. Ra2 {[%clk 0:00:08]} Qb6 {[%clk 0:00:44]} 31. Rda1
{[%clk 0:00:08]} Kh7 {[%clk 0:00:38]} 32. Qc2+ {[%clk 0:00:08]} g6
{[%clk 0:00:39]} 33. Ra8 {[%clk 0:00:04]} Rxb2 {[%clk 0:00:34]} 34. Qe4
{[%clk 0:00:05]} Rxa8 {[%clk 0:00:17]} 35. Rxa8 {[%clk 0:00:06]} Qb5
{[%clk 0:00:19]} 36. Qf3 {[%clk 0:00:06]} Rb1+ {[%clk 0:00:19]} 0-1

[Event "Team Championship Russia (Blitz, Women)"]
[Site "Sochi"]
[Date "2018.10.10"]
[Round "2.3"]
[White "Guseva, Marina"]
[Black "Mukhina, Jana"]
[Result "1-0"]
[BlackElo "1987"]
[WhiteElo "2292"]
[LiveChessVersion "1.4.8"]

1. d4 {[%clk 0:03:03]} d5 {[%clk 0:03:04]} 2. c4 {[%clk 0:03:04]} c6
{[%clk 0:03:06]} 3. Nc3 {[%clk 0:03:05]} dxc4 {[%clk 0:03:07]} 4. e3 b5 5. a4
{[%clk 0:03:02]} b4 {[%clk 0:03:10]} 6. Ne4 {[%clk 0:03:02]} Nf6 {[%clk 0:03:11]}
7. Ng3 {[%clk 0:03:03]} Ba6 {[%clk 0:02:58]} 8. Nf3 {[%clk 0:03:00]} e6
{[%clk 0:02:53]} 9. Ne5 {[%clk 0:02:59]} Be7 {[%clk 0:02:43]} 10. Bxc4
{[%clk 0:02:54]} Bxc4 {[%clk 0:02:39]} 11. Nxc4 {[%clk 0:02:55]} Qd5
{[%clk 0:02:29]} 12. Ne5 {[%clk 0:02:29]} Qxg2 {[%clk 0:02:27]} 13. Bd2
{[%clk 0:02:23]} h5 {[%clk 0:01:52]} 14. Qf3 {[%clk 0:02:15]} Qxf3
{[%clk 0:01:43]} 15. Nxf3 {[%clk 0:02:15]} h4 {[%clk 0:01:28]} 16. Ne2 Ne4 17.
Rc1 {[%clk 0:02:15]} c5 {[%clk 0:01:14]} 18. dxc5 {[%clk 0:02:08]} Nxc5
{[%clk 0:01:15]} 19. Ne5 {[%clk 0:02:04]} a5 {[%clk 0:01:00]} 20. Nf4
{[%clk 0:02:00]} g5 {[%clk 0:00:56]} 21. Nfd3 {[%clk 0:01:59]} Nba6
{[%clk 0:00:56]} 22. Ke2 {[%clk 0:01:59]} Nxd3 {[%clk 0:00:29]} 23. Nxd3
{[%clk 0:02:00]} Bf6 {[%clk 0:00:29]} 24. Rc6 {[%clk 0:01:43]} Kd7
{[%clk 0:00:30]} 25. Rxa6 {[%clk 0:01:34]} Rxa6 {[%clk 0:00:31]} 26. Nc5+
{[%clk 0:01:35]} Kc6 {[%clk 0:00:33]} 27. Nxa6 {[%clk 0:01:36]} Kb6
{[%clk 0:00:34]} 28. Nxb4 {[%clk 0:01:35]} axb4 {[%clk 0:00:33]} 29. b3
{[%clk 0:01:36]} Be7 {[%clk 0:00:18]} 30. h3 {[%clk 0:01:34]} Rc8
{[%clk 0:00:14]} 31. Kd1 {[%clk 0:01:26]} f5 {[%clk 0:00:14]} 32. f3
{[%clk 0:01:25]} Rg8 {[%clk 0:00:14]} 33. Rg1 {[%clk 0:01:24]} Bc5
{[%clk 0:00:12]} 34. Ke2 {[%clk 0:01:23]} Kc6 {[%clk 0:00:13]} 35. Rg2
{[%clk 0:01:22]} Kd5 {[%clk 0:00:13]} 36. e4+ fxe4 37. fxe4+ {[%clk 0:01:15]}
Kxe4 {[%clk 0:00:16]} 38. Rxg5 {[%clk 0:01:14]} Rh8 {[%clk 0:00:06]} 39. Rxc5
{[%clk 0:01:15]} 1-0

[Event "Team Championship Russia (Blitz, Women)"]
[Site "Sochi"]
[Date "2018.10.10"]
[Round "2.4"]
[White "Mamontova, Anastasia"]
[Black "Kovanova, Baira"]
[Result "0-1"]
[BlackElo "2205"]
[WhiteElo "1903"]
[LiveChessVersion "1.4.8"]

1. e4 {[%clk 0:03:02]} d6 {[%clk 0:03:03]} 2. d4 {[%clk 0:03:00]} g6
{[%clk 0:03:05]} 3. c4 {[%clk 0:02:59]} Bg7 {[%clk 0:03:05]} 4. Nc3
{[%clk 0:02:59]} Nd7 {[%clk 0:03:00]} 5. Nge2 {[%clk 0:02:57]} e5
{[%clk 0:02:49]} 6. d5 {[%clk 0:02:57]} Ne7 {[%clk 0:02:50]} 7. Ng3
{[%clk 0:02:55]} a5 {[%clk 0:02:33]} 8. h4 {[%clk 0:02:49]} h5 {[%clk 0:02:26]}
9. Be2 {[%clk 0:02:49]} Nc5 {[%clk 0:02:16]} 10. Be3 {[%clk 0:02:40]} b6
{[%clk 0:02:07]} 11. a3 {[%clk 0:02:40]} Bd7 {[%clk 0:01:50]} 12. b4
{[%clk 0:02:30]} axb4 {[%clk 0:01:42]} 13. axb4 {[%clk 0:02:31]} Rxa1
{[%clk 0:01:43]} 14. Qxa1 {[%clk 0:02:32]} Nb3 {[%clk 0:01:43]} 15. Qd1
{[%clk 0:01:36]} Nd4 {[%clk 0:01:43]} 16. Bd3 {[%clk 0:01:28]} Bf6
{[%clk 0:01:21]} 17. Bg5 {[%clk 0:01:12]} Ng8 {[%clk 0:01:14]} 18. Bxf6
{[%clk 0:01:12]} Nxf6 {[%clk 0:01:11]} 19. Bb1 {[%clk 0:00:58]} Ng4
{[%clk 0:01:07]} 20. Qd3 {[%clk 0:00:46]} O-O {[%clk 0:00:59]} 21. Nge2
{[%clk 0:00:45]} Qf6 {[%clk 0:00:32]} 22. f3 {[%clk 0:00:34]} Nxe2
{[%clk 0:00:29]} 23. Nxe2 {[%clk 0:00:32]} Nh6 {[%clk 0:00:30]} 24. Qe3
{[%clk 0:00:30]} Qg7 {[%clk 0:00:30]} 25. c5 {[%clk 0:00:30]} bxc5
{[%clk 0:00:28]} 26. bxc5 {[%clk 0:00:31]} f5 {[%clk 0:00:29]} 27. cxd6
{[%clk 0:00:18]} cxd6 {[%clk 0:00:29]} 28. O-O {[%clk 0:00:14]} fxe4
{[%clk 0:00:28]} 29. fxe4 {[%clk 0:00:15]} Ng4 {[%clk 0:00:29]} 30. Qg5
{[%clk 0:00:15]} Rxf1+ {[%clk 0:00:28]} 31. Kxf1 {[%clk 0:00:15]} Qf7+
{[%clk 0:00:29]} 32. Ke1 {[%clk 0:00:15]} Bb5 {[%clk 0:00:19]} 33. Qd8+
{[%clk 0:00:11]} Kg7 {[%clk 0:00:19]} 34. Qxd6 {[%clk 0:00:05]} Qf2+
{[%clk 0:00:20]} 35. Kd1 {[%clk 0:00:05]} Qxe2+ {[%clk 0:00:20]} 36. Kc1 Qe1+
{[%clk 0:00:20]} 37. Kc2 {[%clk 0:00:07]} Ne3+ {[%clk 0:00:20]} 38. Kb2
{[%clk 0:00:08]} Qd2+ {[%clk 0:00:20]} 39. Kb3 {[%clk 0:00:08]} Bc4+
{[%clk 0:00:19]} 40. Ka4 {[%clk 0:00:08]} Qd1+ {[%clk 0:00:19]} 41. Kb4
{[%clk 0:00:08]} Qxb1+ {[%clk 0:00:18]} 42. Kc5 {[%clk 0:00:09]} Qb5#
{[%clk 0:00:13]} 0-1

[Event "Team Championship Russia (Blitz, Women)"]
[Site "Sochi"]
[Date "2018.10.10"]
[Round "2.5"]
[White "Ovod, Evgenija"]
[Black "Kirchei, Viktoriia"]
[Result "0-1"]
[BlackElo "1992"]
[WhiteElo "2172"]
[LiveChessVersion "1.4.8"]

1. d4 {[%clk 0:03:03]} d5 {[%clk 0:03:03]} 2. Bf4 {[%clk 0:03:04]} c6
{[%clk 0:03:05]} 3. c3 {[%clk 0:03:05]} Bf5 {[%clk 0:03:02]} 4. Nd2
{[%clk 0:03:02]} Qb6 {[%clk 0:03:03]} 5. Nb3 {[%clk 0:02:51]} Nd7
{[%clk 0:03:04]} 6. Nf3 {[%clk 0:02:50]} Ngf6 {[%clk 0:03:05]} 7. e3
{[%clk 0:02:49]} e6 {[%clk 0:03:06]} 8. Be2 {[%clk 0:02:48]} Be7 {[%clk 0:03:06]}
9. O-O {[%clk 0:02:49]} O-O {[%clk 0:03:06]} 10. Ne5 {[%clk 0:02:36]} c5
{[%clk 0:02:48]} 11. dxc5 {[%clk 0:02:19]} Nxc5 {[%clk 0:02:46]} 12. Nxc5
{[%clk 0:02:10]} Bxc5 {[%clk 0:02:45]} 13. b4 {[%clk 0:01:58]} Bd6
{[%clk 0:02:39]} 14. a4 {[%clk 0:01:08]} Qc7 {[%clk 0:02:25]} 15. Qd4
{[%clk 0:01:07]} Ne4 {[%clk 0:02:15]} 16. Rac1 {[%clk 0:01:04]} f6
{[%clk 0:02:16]} 17. Nd3 {[%clk 0:00:53]} Kh8 {[%clk 0:01:45]} 18. Bxd6
{[%clk 0:00:52]} Qxd6 {[%clk 0:01:46]} 19. Nb2 {[%clk 0:00:44]} Rac8
{[%clk 0:01:37]} 20. f3 {[%clk 0:00:44]} e5 {[%clk 0:01:36]} 21. Qxa7
{[%clk 0:00:40]} Nxc3 {[%clk 0:01:36]} 22. Bd3 {[%clk 0:00:32]} Bxd3
{[%clk 0:01:35]} 23. Nxd3 {[%clk 0:00:33]} Ne2+ {[%clk 0:01:36]} 24. Kf2
{[%clk 0:00:33]} Nxc1 {[%clk 0:01:36]} 25. Rxc1 {[%clk 0:00:33]} Rxc1
{[%clk 0:01:37]} 26. Nxc1 {[%clk 0:00:34]} Qxb4 {[%clk 0:01:38]} 27. Ne2
{[%clk 0:00:35]} Rc8 {[%clk 0:01:31]} 28. g4 {[%clk 0:00:32]} h6 {[%clk 0:01:26]}
29. h4 {[%clk 0:00:33]} Kh7 {[%clk 0:01:24]} 30. a5 {[%clk 0:00:28]} Rc2
{[%clk 0:01:21]} 31. a6 {[%clk 0:00:25]} Qc4 {[%clk 0:01:11]} 0-1

[Event "Team Championship Russia (Blitz, Women)"]
[Site "Sochi"]
[Date "2018.10.10"]
[Round "2.6"]
[White "Bondareva, Daria"]
[Black "Belenkaya, Dina"]
[Result "1/2-1/2"]
[BlackElo "2164"]
[WhiteElo "1774"]
[LiveChessVersion "1.4.8"]

1. e4 {[%clk 0:03:03]} c6 {[%clk 0:03:03]} 2. d4 {[%clk 0:03:04]} d5
{[%clk 0:03:04]} 3. exd5 {[%clk 0:03:05]} cxd5 {[%clk 0:03:05]} 4. Bd3
{[%clk 0:03:06]} Nc6 {[%clk 0:03:06]} 5. c3 {[%clk 0:03:04]} Qc7 {[%clk 0:03:06]}
6. Nf3 {[%clk 0:02:10]} Bg4 {[%clk 0:02:58]} 7. O-O {[%clk 0:01:50]} Nf6
{[%clk 0:02:58]} 8. h3 {[%clk 0:01:35]} Bh5 {[%clk 0:02:59]} 9. Re1
{[%clk 0:01:19]} e6 {[%clk 0:03:00]} 10. Bg5 {[%clk 0:01:20]} Bd6
{[%clk 0:02:58]} 11. Nbd2 {[%clk 0:01:14]} Bg6 {[%clk 0:02:54]} 12. Qc2
{[%clk 0:01:06]} O-O {[%clk 0:02:39]} 13. Bxg6 {[%clk 0:00:43]} hxg6
{[%clk 0:02:39]} 14. Qd3 {[%clk 0:00:44]} Nh5 {[%clk 0:02:31]} 15. b4
{[%clk 0:00:25]} a6 {[%clk 0:02:29]} 16. a4 {[%clk 0:00:26]} Rfc8
{[%clk 0:01:54]} 17. Rec1 {[%clk 0:00:11]} Nf4 {[%clk 0:01:41]} 18. Bxf4
{[%clk 0:00:12]} Bxf4 {[%clk 0:01:41]} 19. Kf1 {[%clk 0:00:06]} Nxb4
{[%clk 0:01:38]} 20. cxb4 {[%clk 0:00:05]} Qxc1+ {[%clk 0:01:39]} 21. Rxc1 Rxc1+
{[%clk 0:01:38]} 22. Ke2 {[%clk 0:00:08]} Rac8 {[%clk 0:01:34]} 23. g3
{[%clk 0:00:09]} Bd6 {[%clk 0:01:33]} 24. b5 {[%clk 0:00:10]} a5 {[%clk 0:01:21]}
25. Qb3 {[%clk 0:00:08]} Bb4 {[%clk 0:01:12]} 26. Ne1 {[%clk 0:00:08]} R1c3
{[%clk 0:00:57]} 27. Qb2 {[%clk 0:00:09]} g5 {[%clk 0:00:40]} 28. Nb3
{[%clk 0:00:10]} R3c4 {[%clk 0:00:30]} 29. Na1 {[%clk 0:00:07]} Bc3
{[%clk 0:00:25]} 30. Qa2 {[%clk 0:00:06]} Rxd4 {[%clk 0:00:15]} 31. Nac2
{[%clk 0:00:07]} Rd2+ {[%clk 0:00:15]} 32. Kf3 {[%clk 0:00:05]} Rd1
{[%clk 0:00:13]} 33. Qb3 {[%clk 0:00:06]} Bxe1 {[%clk 0:00:11]} 34. Nxe1
{[%clk 0:00:04]} Rxe1 {[%clk 0:00:09]} 35. b6 {[%clk 0:00:05]} Rec1
{[%clk 0:00:08]} 36. Qb5 {[%clk 0:00:03]} 1/2-1/2